• Vidal Rodríguez, Arsenio

di Personal Name

Records bibliografici associati: 1

001 - CONTROL NUMBER

  • control field: 64433

003 - CONTROL NUMBER IDENTIFIER

  • control field: IT-RoINE

005 - DATE AND TIME OF LATEST TRANSACTION

  • control field: 20191118071500.0

008 - FIXED-LENGTH DATA ELEMENTS

  • fixed length control field: 191118|| aca||aabn | a|a d

040 ## - CATALOGING SOURCE

  • Original cataloging agency: IT-RoINE
  • Transcribing agency: IT-RoINE

100 ## - HEADING--PERSONAL NAME

  • Personal name: Vidal Rodríguez, Arsenio

670 ## - SOURCE DATA FOUND

  • Source citation: Work cat.: (IT-RoINE)0: Vidal Rodríguez, Arsenio, El libro tumbo de Braganza :, 2004.